| 000 | 00751nam a2200217 a 4500 | ||
|---|---|---|---|
| 001 | 2740 | ||
| 003 | BD-RjUL | ||
| 005 | 20211208233617.0 | ||
| 008 | 131217s1994 gw ||||| |||| 00| 0 eng d | ||
| 020 | _a9820102235 | ||
| 035 | _a(BD-RjUL)2767 | ||
| 040 |
_aBD-RjUL _beng _cBD-RjUL _dBD-RjUL |
||
| 041 | _aeng | ||
| 082 |
_a362.7 _bWOR 1994 _223 |
||
| 245 |
_aWorking effectively with young people: _ba training manual for youth workers, leaders andfacilitators / _cEdited by Joseph Veramu |
||
| 260 |
_aSuva, [Fiji] : _bCommunity Education Think-Tank in association with IIZ/DVV, _c©1994 |
||
| 300 |
_a ix, 217 p. : _bill.; _c 26 cm. |
||
| 650 |
_aSocial work with youth -- Pacific Area. _9159314 |
||
| 700 |
_aJoseph , Veramu _98790 |
||
| 942 |
_2ddc _cBK |
||
| 999 |
_c2740 _d2740 |
||